000 00400nam a2200145 a 4500
005 20140414093849.0
008 110817s19uu xx 00 eng d
020 _a9780521169738
050 _aDVD 428
_bASS 2011
245 _aEnglish unlimited :
_bC1 advanced self study .
260 _aUnited Kingdom :
_bCambridge University Pres,
_c2011.
650 _aEnglish
942 _cAVM
999 _c109784
_d109784